00293nam a2200121Ia 4500008004100000100002100041245003500062260002900097300000900126650001400135942000700149999001500156190216s9999||||xx |||||||||||||| ||und|| aSundharan. K.P.M 0aIntroduction To Indian Economy bRchand And Companyc1993 a578p aEconomics cBK c9953d9953